000 00338nam a2200133Ia 4500
008 221007s9999 xx 000 0 und d
041 _aeng
082 _bMES
100 _aMeshram Jyoti (2K41083)
_9102108
245 _aMarketing Survey and Recruitment
260 _c2006
_bPune University
_aPune
520 _aDhotre M
906 _bGeneral
999 _c69266
_d69266